American History Groups of Things #5 - Statistics

General Stats
  • This quiz has been taken 82 times
    36 since last reset
  • The average score is 15 of 35
Answer Stats
- Answer % Correct
Vice Presidents Since 2000 Joe Biden
90%
Vice Presidents Since 2000 JD Vance
86%
FDR's Vice Presidents Harry S. Truman
83%
Vice Presidents Since 2000 Kamala Harris
83%
Vice Presidents Since 2000 Mike Pence
83%
Commanding Union Generals Ulysses S. Grant
79%
Vice Presidents Since 2000 Al Gore
69%
Vice Presidents Since 2000 Dick Cheney
66%
Spanish-American War Gains Guam
66%
Spanish-American War Gains Puerto Rico
66%
'Island Hopping' Islands The Mariana Islands
66%
Spanish-American War Gains The Philippines
66%
Spanish-American War Gains Cuba
55%
States George Wallace won Alabama
48%
States George Wallace won Georgia
48%
States George Wallace won Arkansas
45%
States George Wallace won Louisiana
45%
States George Wallace won Mississippi
45%
Founding NFL Members Chicago Bears
38%
Founding NFL Members Green Bay Packers
38%
Commanding Union Generals George McClellan
31%
'Island Hopping' Islands Iwo Jima
31%
Founding NFL Members New York Giants
28%
Founding NFL Members Portsmouth Spartans
28%
Founding NFL Members Chicago Cardinals
21%
FDR's Vice Presidents Henry Agard Wallace
21%
FDR's Vice Presidents John Nance Garner
21%
Founding NFL Members Boston Braves
17%
'Island Hopping' Islands Gilbert Islands
17%
'Island Hopping' Islands Marshall Islands
14%
'Island Hopping' Islands Okinowa
10%
Commanding Union Generals Henry Halleck
7%
Commanding Union Generals Winfield Scott
3%
Founding NFL Members Brooklyn Dodgers
0%
Founding NFL Members Staten Island Stapletons
0%
No matching quizzes found
Score Distribution
Percent of People with Each Score
Percentile by Number Answered
Your Score History
You have not taken this quiz since the last reset